| 000 | 00371nam a2200145Ia 4500 | ||
|---|---|---|---|
| 008 | 151213s9999 xx 000 0 und d | ||
| 100 | _aJ. H . Punning | ||
| 245 |
_aThe Globalization of Business _cJ. H . Punning |
||
| 260 |
_aNew York _bRoutledge _c1993 |
||
| 300 | _a2694 p. | ||
| 650 | _aManagement | ||
| 650 | _aManagement | ||
| 700 | _aJ. H . Punning | ||
| 999 |
_c1806 _d1806 |
||